Zwyciężczynie ważnych imprez w skokach narciarskich - Statystyki

Ogólne statystyki
  • Ten quiz został rozwiązany 18 razy
  • Średni wynik to 16 z 34
Statystyki odpowiedzi
zawody sezon kub rok zawodniczka % Poprawnych
Puchar Świata 2012/13 Sara Takanashi
94%
Puchar Świata 2013/14 Sara Takanashi
94%
Puchar Świata 2015/16 Sara Takanashi
94%
Puchar Świata 2016/17 Sara Takanashi
94%
MŚ juniorów 2012 Sara Takanashi
94%
MŚ juniorów 2013 Sara Takanashi
94%
MŚ juniorów 2014 Sara Takanashi
94%
Puchar Świata 2017/18 Maren Lundby
81%
Puchar Świata 2018/19 Maren Lundby
81%
Puchar Świata 2019/20 Maren Lundby
81%
ZIO skocznia normalna 2018 Maren Lundby
81%
MŚ skocznia normalna 2019 Maren Lundby
81%
MŚ skocznia normalna 2011 Daniela Iraschko
63%
MŚ juniorów 2020 Marita Kramer
63%
MŚ juniorów 2018 Nika Križnar
50%
ZIO skocznia normalna 2014 Carina Vogt
44%
MŚ skocznia normalna 2015 Carina Vogt
44%
MŚ skocznia normalna 2017 Carina Vogt
44%
Puchar Świata 2014/15 Daniela Iraschko-Stolz
44%
Puchar Świata 2011/12 Sarah Hendrickson
44%
MŚ skocznia normalna 2013 Sarah Hendrickson
44%
MŚ juniorów 2008 Jacqueline Seifriedsberger
25%
MŚ juniorów 2004 Anette Sagen
19%
MŚ juniorów 2006 Juliane Seyfarth
19%
MŚ skocznia normalna 2009 Lindsey Van
19%
MŚ juniorów 2016 Chiara Hölzl
13%
MŚ juniorów 2011 Coline Mattel
13%
MŚ juniorów 2019 Anna Szpyniowa
0%
MŚ juniorów 2010 Elena Runggaldier
0%
MŚ juniorów 1998 Heli Pomell
0%
MŚ juniorów 2007 Lisa Demetz
0%
MŚ juniorów 2009 Magdalena Schnurr
0%
MŚ juniorów 2017 Manuela Malsiner
0%
MŚ juniorów 2015 Sofja Tichonowa
0%
Nie znaleziono quizów pasujących do podanych kryteriów
Rozkład punktacji
Procent ludzi z każdym wynikiem
Percentyl według liczby udzielonych odpowiedzi
Twoja historia wyników
Nie rozwiązałeś tego quizu